20 Largest cities in China - Statistics

General Stats
  • This quiz has been taken 29 times
  • The average score is 15 of 20
Answer Stats
Population Answer % Correct
18,960,744 Beijing
100%
16,096,724 Guangzhou
96%
21,909,814 Shanghai
96%
13,568,357 Chengdu
92%
9,580,819 Chongqing
92%
17,444,609 Shenzhen
92%
10,494,879 Wuhan
92%
9,392,938 Xian
92%
7,519,814 Nanjing
88%
11,052,404 Tianjin
88%
5,630,256 Changsha
77%
9,236,032 Hangzhou
77%
6,165,279 Qingdao
77%
6,461,013 Zhengzhou
65%
5,892,892 Suzhou
58%
5,648,162 Jinan
54%
7,026,358 Shenyang
54%
5,273,144 Kunming
46%
9,644,871 Dongguan
35%
9,042,509 Foshan
31%
No matching quizzes found
Score Distribution
Percent of People with Each Score
Percentile by Number Answered
Your Score History
You have not taken this quiz